LEADER 01040nam a2200217 i 4500 001 000000241486 003 CaOOAMICUS 005 20230512144508.0 008 150504s1727 fr u000 u fre u 026 $aunix s.c. o-es lagl (3) 1727 (R) 040 $aSeMil$bita 245 10$aTome 1. Contenant vingt-six discours sur la dignité du chréthien expliquée en cinq prones .. 300 $a[40], 526, [26] p. 500 $aSegn.: a4 e8 i4 A-2K8(-2K8) 2L8 2M4 773 0 $aJoly, Claude <1610-1678>$tPrones de messire Claude Joli, Eveque et comte d'Agen, sur differens sujets de morale. Tome 1. [-4.].$dA Lyon : Chez les Frères Bruyset, ruë Merciere au Soleil d'or & à la Croix d'Or, 1727.$g1$w()31826 850 $aSeMil 852 $aSeMil$W1$xVenegono$y1$m3F I 132 FA$j191832$B191832$CSeMilBibl$Z2$F202631 $8I 941 1 $a10 961 $aRecupero: Mantegazza 996 $6245$aTome 1. Contenant vingt-six discours sur la dignité du chréthien expliquée en cinq prones ..$9(OLS)http://semarc/title/343197 LEADER 00697nam a2200181 i 4500 001 000000069112 003 CaOOAMICUS 005 19990609000000.0 008 990609n it u000 u ita u 013 $a40284 040 $aSeMil$bita 100 1 $aPirandello, Luigi,$d<1867-1936>.$0(OLS)http://semarc/name/1133 245 10$aOpere. 773 0 $aPirandello, Luigi <1867-1936>$tOpere di Luigi Pirandello.$d[Milano] : Arnoldo Mondadori Editore, 1957.$kClassici contemporanei italiani$gVol.4$w()1383 850 $aSeMil 852 $aSeMil$W1$xVenegono$y1$m1B II 273$j238165$B35265$CSeMilBibl$Z2$F35268 $81 961 $aOmaggio: Ciprandi dott. Paolo 996 $6245$aOpere$9(OLS)http://semarc/title/2179